List of Wars Involving the United States - Statistics

General Stats
  • This quiz has been taken 425 times
  • The average score is 11 of 37
Answer Stats
Hint Answer % Correct
(1775–1783) Revolutionary War
82%
(1861–1865) Civil War
79%
(1950–1953) Korean War
77%
(1955–1973) Vietnam War
77%
(1898) Spanish-American War
71%
(2001–present) War in Afghanistan
71%
(1812–1815) War of 1812
70%
(1846–1848) Mexican-American war
67%
(1917–1918) World War I
65%
(1941–1945) World War II
63%
(1990–1991) Gulf War
52%
(2003–2011) Iraq War
48%
(1899–1902) Philippine-American War
28%
(2011) Military Intervention in Libya
27%
(1998–1999) Kosova War
26%
(1918–1920) Russian Civil War
24%
(1801–1805) First Barbary War
23%
(2014–present) Military Intervention against the Islamic State of Iraq and the Levant
23%
(1993–1995) Bosnian War
22%
(1815) Second Barbary War
22%
(1899–1901) Boxer Rebellion
17%
(1876-1877) Great Sioux War
14%
(1851–1900) Apache Wars
9%
(1813–1814) Creek War
7%
(1817–1818) First Seminole War
6%
(1858–1866) Navajo Wars
6%
(1785–1793) Northwest Indian War
5%
(1835–1842) Second Seminole War
5%
(1857–1858) Utah War
5%
(1910–1919) Border War
4%
(1811) Tecumseh's War
4%
(1893) Overthrow of the Kingdom of Hawaii
3%
(1855–1858) Third Seminole War
3%
(1847–1855) Cayuse War
2%
(1866–1868) Red Cloud's War
2%
(1776–1795) Chickamauga War
1%
(1859–1861) First and Second Cortina War
1%
No matching quizzes found
Score Distribution
Percent of People with Each Score
Percentile by Number Answered
Your Score History
You have not taken this quiz